000 00836nam a2200241 i 4500
001 39132
003 ES-MaACL
005 20230906155909.0
007 t|
008 030227s1973 mx ||||1| spa d
100 1 _aCallan, Hilary.
_933686
245 1 0 _aEtología y sociedad
_b: en busca de un enfoque antropológico /
_cpor Hilary Callan ; [traducción de Lucila Tercero Vasconcelos].
250 _a[1ª ed. en español].
260 _aMéxico :
_bFondo de Cultura Económica,
_c1973.
300 _a310 p. ;
_c18 cm.
490 1 _aBreviarios del Fondo de Cultura Económica ;
_v235
500 _aIndice.
504 _aBibliografía.
700 1 _aTercero Vasconcelos, Lucila.
_9109733
830 0 _aBreviarios del Fondo de Cultura Económica ;
_v235
_9179682
852 _aES-MaACL
_jL-8374
_bR.109071
999 _c39132
_d39132